00741nam a2200181Ia 4500003000400000005001700004008004100021040002100062041000800083082002500091100003700116245013500153260005800288300002900346505011100375651003600486651003700522OSt20201014111154.0191128s1969 ck gr 000 0 spa d aCO-JMCRcCO-JMCR0 aspa04a986.103 /bR464d2231 aRestrepo, José Manuel, eautor10aDocumentos importantes de Nueva Granada, Venezuela y Colombia : bapéndice de la historia de Colombia / cJosé Manuel Restrepo aBogotá : bUniversidad Nacional de Colombia, c1969 a475 páginas ; c23 cm.2 gv.5tDocumentos importantes de Nueva Granada, Venezuela y Colombia : apéndice de la historia de Colombia 4aColombiaxhistoriay1810-1830  4aVenezuelaxhistoriay1810-1830